Will Glahè in Bavaria (Record n. 99631)
[ formato base ]
| 000 -LEADER | |
|---|---|
| fixed length control field | 03759njm a2200577Ia 4500 |
| 001 - CONTROL NUMBER | |
| control field | 24143 |
| 003 - CONTROL NUMBER IDENTIFIER | |
| control field | IT-RoPAU |
| 005 - DATE AND TIME OF LATEST TRANSACTION | |
| control field | 20220918181119.0 |
| 008 - FIXED-LENGTH DATA ELEMENTS--GENERAL INFORMATION | |
| fixed length control field | 131025s9999 xx 000 0 und d |
| 040 ## - CATALOGING SOURCE | |
| Original cataloging agency | IT-RoPAU |
| 040 ## - CATALOGING SOURCE | |
| Transcribing agency | IT-RoPAU |
| 999 ## - SYSTEM CONTROL NUMBERS (KOHA) | |
| Koha Dewey Subclass [OBSOLETE] | n.d. |
| 100 ## - MAIN ENTRY--PERSONAL NAME | |
| Personal name | AA.VV. |
| 9 (RLIN) | 794 |
| 100 ## - MAIN ENTRY--PERSONAL NAME | |
| Relator term | Autore musica |
| 9 (RLIN) | 9105 |
| 100 ## - MAIN ENTRY--PERSONAL NAME | |
| Miscellaneous information | Codice autore musica SPICS: 12000 |
| 9 (RLIN) | 796 |
| 245 ## - TITLE STATEMENT | |
| Title | Will Glahè in Bavaria |
| 250 ## - EDITION STATEMENT | |
| Edition statement | 1a ed. |
| 260 ## - PUBLICATION, DISTRIBUTION, ETC. (IMPRINT) | |
| Place of publication, distribution, etc. | LONDON |
| 260 ## - PUBLICATION, DISTRIBUTION, ETC. (IMPRINT) | |
| Name of publisher, distributor, etc. | DECCA RECORD COMPANY |
| Date of publication, distribution, etc. | 1965 [1a Ed.:1965 - Ed. Lingua Orig.: 1965] |
| 300 ## - PHYSICAL DESCRIPTION | |
| Extent | DISCO |
| 500 ## - GENERAL NOTE | |
| General note | Musica strumentale. Polka, valzer. Arrangiamento Accordeon |
| 505 ## - FORMATTED CONTENTS NOTE | |
| Formatted contents note | Beer Barrel Polka - The Skaters Waltz - Gold and Silver-Waltz - Liechtensteiner Polka - Auf Wiederseh'n Sweetheart - In Munchen Steht Ein Hofbrauhaus-Valzer - Hoop-Dee-Doo (Polka) - Wenzel-Polka - Pennsylvania Polka - Vienna, City of My Dreams. Slow Waltz - Forever and a Day. Valzer - Clarinetten-Polka |
| 650 ## - SUBJECT ADDED ENTRY--TOPICAL TERM | |
| Topical term or geographic name as entry element | STRUMENTALE [DISCHI] |
| Relator term | Codice MATERIA SPICS: 9950 |
| 9 (RLIN) | 828 |
| 700 ## - ADDED ENTRY--PERSONAL NAME | |
| Personal name | Glahé Will |
| Miscellaneous information | Codice interprete SPICS: 8033 |
| Relator term | Interprete |
| 9 (RLIN) | 9106 |
| 700 ## - ADDED ENTRY--PERSONAL NAME | |
| Personal name | Vejvoda Jaromir |
| Miscellaneous information | Codice autore musica SPICS: 13982 |
| Relator term | Autore musica |
| Name of part/section of a work | Beer Barrel Polka |
| 9 (RLIN) | 9107 |
| 700 ## - ADDED ENTRY--PERSONAL NAME | |
| Personal name | Brown |
| Miscellaneous information | Codice autore SPICS: 20445 |
| Relator term | Autore |
| Name of part/section of a work | Beer Barrel Polka |
| 9 (RLIN) | 9108 |
| 700 ## - ADDED ENTRY--PERSONAL NAME | |
| Personal name | Richter |
| Miscellaneous information | Codice autore testo/musica SPICS: 27133 |
| Relator term | Autore testo/musica |
| Name of part/section of a work | Beer Barrel Polka |
| 9 (RLIN) | 9109 |
| 700 ## - ADDED ENTRY--PERSONAL NAME | |
| Personal name | Waldtenfel |
| Miscellaneous information | Codice autore musica SPICS: 14045 |
| Relator term | Autore musica |
| Name of part/section of a work | The Skaters Waltz |
| 9 (RLIN) | 9110 |
| 700 ## - ADDED ENTRY--PERSONAL NAME | |
| Personal name | Lehar Franz |
| Miscellaneous information | Codice autore musica SPICS: 1257 |
| Relator term | Autore musica |
| Name of part/section of a work | Gold and Silver-Waltz |
| 9 (RLIN) | 9111 |
| 700 ## - ADDED ENTRY--PERSONAL NAME | |
| Personal name | Kotscher |
| Miscellaneous information | Codice autore musica SPICS: 13978 |
| Relator term | Autore musica |
| Name of part/section of a work | Liechtensteiner Polka |
| 9 (RLIN) | 9112 |
| 700 ## - ADDED ENTRY--PERSONAL NAME | |
| Personal name | Lindt |
| Miscellaneous information | Codice autore SPICS: 13979 |
| Relator term | Autore |
| Name of part/section of a work | Liechtensteiner Polka |
| 9 (RLIN) | 9113 |
| 700 ## - ADDED ENTRY--PERSONAL NAME | |
| Personal name | Seener |
| Miscellaneous information | Codice autore testo/musica SPICS: 27134 |
| Relator term | Autore testo/musica |
| Name of part/section of a work | Liechtensteiner Polka |
| 9 (RLIN) | 9114 |
| 700 ## - ADDED ENTRY--PERSONAL NAME | |
| Personal name | Storch |
| Miscellaneous information | Codice autore musica SPICS: 13986 |
| Relator term | Autore musica |
| Name of part/section of a work | Auf Wiederseh'n Sweetheart |
| 9 (RLIN) | 9115 |
| 700 ## - ADDED ENTRY--PERSONAL NAME | |
| Personal name | Sexton |
| Miscellaneous information | Codice autore SPICS: 27135 |
| Relator term | Autore |
| Name of part/section of a work | Auf Wiederseh'n Sweetheart |
| 9 (RLIN) | 9116 |
| 700 ## - ADDED ENTRY--PERSONAL NAME | |
| Personal name | Turner Joe |
| Miscellaneous information | Codice autore testo/musica SPICS: 15797 |
| Relator term | Autore testo/musica |
| Name of part/section of a work | Auf Wiederseh'n Sweetheart |
| 9 (RLIN) | 9117 |
| 700 ## - ADDED ENTRY--PERSONAL NAME | |
| Personal name | Richter Frantisek Xaver |
| Miscellaneous information | Codice autore musica SPICS: 14275 |
| Relator term | Autore musica |
| Name of part/section of a work | In Munchen Steht Ein Hofbrauhaus-Valzer |
| 9 (RLIN) | 9118 |
| 700 ## - ADDED ENTRY--PERSONAL NAME | |
| Personal name | Reiter |
| Miscellaneous information | Codice autore SPICS: 18011 |
| Relator term | Autore |
| Name of part/section of a work | In Munchen Steht Ein Hofbrauhaus-Valzer |
| 9 (RLIN) | 9119 |
| 700 ## - ADDED ENTRY--PERSONAL NAME | |
| Personal name | Gabriel |
| Miscellaneous information | Codice autore testo/musica SPICS: 27136 |
| Relator term | Autore testo/musica |
| Name of part/section of a work | In Munchen Steht Ein Hofbrauhaus-Valzer |
| 9 (RLIN) | 9120 |
| 700 ## - ADDED ENTRY--PERSONAL NAME | |
| Personal name | De Lugg |
| Miscellaneous information | Codice autore musica SPICS: 18012 |
| Relator term | Autore musica |
| Name of part/section of a work | Hoop-Dee-Doo (Polka) |
| 9 (RLIN) | 9121 |
| 700 ## - ADDED ENTRY--PERSONAL NAME | |
| Personal name | Loesser Frank |
| Miscellaneous information | Codice autore SPICS: 15672 |
| Relator term | Autore |
| Name of part/section of a work | Hoop-Dee-Doo (Polka) |
| 9 (RLIN) | 9122 |
| 700 ## - ADDED ENTRY--PERSONAL NAME | |
| Personal name | Munsonius |
| Miscellaneous information | Codice autore musica SPICS: 18013 |
| Relator term | Autore musica |
| Name of part/section of a work | Wenzel-Polka |
| 9 (RLIN) | 9123 |
| 700 ## - ADDED ENTRY--PERSONAL NAME | |
| Personal name | Ackerman William |
| Miscellaneous information | Codice autore SPICS: 15967 |
| Relator term | Autore |
| Name of part/section of a work | Wenzel-Polka |
| 9 (RLIN) | 9124 |
| 700 ## - ADDED ENTRY--PERSONAL NAME | |
| Personal name | Manners Robert |
| Miscellaneous information | Codice autore musica SPICS: 4246 |
| Relator term | Autore musica |
| Name of part/section of a work | Pennsylvania Polka |
| 9 (RLIN) | 9125 |
| 700 ## - ADDED ENTRY--PERSONAL NAME | |
| Personal name | Lee A.R. |
| Miscellaneous information | Codice autore SPICS: 10695 |
| Relator term | Autore |
| Name of part/section of a work | Pennsylvania Polka |
| 9 (RLIN) | 9126 |
| 700 ## - ADDED ENTRY--PERSONAL NAME | |
| Personal name | Sieczynski |
| Miscellaneous information | Codice autore musica SPICS: 15896 |
| Relator term | Autore musica |
| Name of part/section of a work | Vienna, City of My Dreams. Slow Waltz |
| 9 (RLIN) | 9127 |
| 700 ## - ADDED ENTRY--PERSONAL NAME | |
| Personal name | Benatzky Ralph |
| Miscellaneous information | Codice autore musica SPICS: 22727 |
| Relator term | Autore musica |
| Name of part/section of a work | Forever and a Day. Valzer |
| 9 (RLIN) | 9128 |
| 700 ## - ADDED ENTRY--PERSONAL NAME | |
| Personal name | Latouche John |
| Miscellaneous information | Codice autore SPICS: 18014 |
| Relator term | Autore |
| Name of part/section of a work | Forever and a Day. Valzer |
| 9 (RLIN) | 9129 |
| 700 ## - ADDED ENTRY--PERSONAL NAME | |
| Personal name | Musel |
| Miscellaneous information | Codice autore testo/musica SPICS: 18015 |
| Relator term | Autore testo/musica |
| Name of part/section of a work | Forever and a Day. Valzer |
| 9 (RLIN) | 9130 |
| 700 ## - ADDED ENTRY--PERSONAL NAME | |
| Personal name | Anonimo |
| Miscellaneous information | Codice autore musica SPICS: 2620 |
| Relator term | Autore musica |
| Name of part/section of a work | Clarinetten-Polka |
| 9 (RLIN) | 9131 |
| 942 ## - ADDED ENTRY ELEMENTS (KOHA) | |
| Koha item type | DISCHI |
| Source of classification or shelving scheme | Dewey Decimal Classification |
| Withdrawn status | Lost status | Damaged status | Not for loan | Home library | Current library | Date acquired | Total Checkouts | Full call number | Date last seen | Price effective from | Koha item type | Public note |
|---|---|---|---|---|---|---|---|---|---|---|---|---|
| Buone Condizioni | Not For Loan | SPICS-MEDIATECA | SPICS-MEDIATECA | 25/10/2013 | 24143 | 25/10/2013 | 25/10/2013 | DISCHI | Progr. Ins.: 4990 / N.Vol.: 1 / Copie: 1 - Copia rara: n.d. / date import: 01.01.2014 - By Epidotti, Trombetti, Vaglietti |